Guess the Football Club by their Ultras Logo #1 - Statistics

General Stats
  • This quiz has been taken 337 times
    132 since last reset
  • The average score is 11 of 15
Answer Stats
Hint Answer % Correct
84%
81%
81%
80%
79%
79%
77%
72%
71%
69%
61%
59%
56%
53%
46%
No matching quizzes found
Score Distribution
Percent of People with Each Score
Percentile by Number Answered
Your Score History
You have not taken this quiz since the last reset